000 00567nam a2200217Ia 4500
003 GCL
008 140319s9999 xx 000 0 ara d
040 _aGCL /
_cGCL
082 0 4 _a254
_bم ح
100 1 _aمحمد ابوزهرة
245 1 0 _aالاحوال الشخصية /
_cمحمد ابوزهرة
300 _a497 ص
490 _a
650 0 4 _aالاسلام
650 0 4 _aالطلاق
650 0 4 _aالاحوال الشخصية
650 0 4 _aالزواج
650 0 4 _aالنفقات
650 0 4 _aالفقه الاسلامى
942 _2ddc
_cBK
999 _c38915
_d38915